Global studies - The Middle East / (Record no. 142)
[ view plain ]
| 000 -LEADER | |
|---|---|
| fixed length control field | 01518cas a2200457 a 4500 |
| 001 - CONTROL NUMBER | |
| control field | 11388543 |
| 003 - CONTROL NUMBER IDENTIFIER | |
| control field | OSt |
| 005 - DATE AND TIME OF LATEST TRANSACTION | |
| control field | 20210414113847.0 |
| 007 - PHYSICAL DESCRIPTION FIXED FIELD--GENERAL INFORMATION | |
| fixed length control field | t| |
| 008 - FIXED-LENGTH DATA ELEMENTS--GENERAL INFORMATION | |
| fixed length control field | 890406c19869999iaugr 0 a0eng c |
| 010 ## - LIBRARY OF CONGRESS CONTROL NUMBER | |
| LC control number | 91648360 |
| 022 0# - INTERNATIONAL STANDARD SERIAL NUMBER | |
| International Standard Serial Number | 1056-6848 |
| Source | 1 |
| 035 ## - SYSTEM CONTROL NUMBER | |
| System control number | (OCoLC)ocm19503245 |
| 037 ## - SOURCE OF ACQUISITION | |
| Source of stock number/acquisition | McGraw-Hill/Dushkin Co., 2460 Kerper Blvd., Dubuque, Iowa, 52001 |
| 040 ## - CATALOGING SOURCE | |
| Original cataloging agency | CtManC |
| Transcribing agency | CtManC |
| Modifying agency | DLC |
| -- | NSDP |
| -- | DLC |
| -- | NSDP |
| -- | DLC |
| -- | InU |
| -- | CLU |
| -- | InU |
| -- | CaQQL |
| -- | OCoLC |
| 042 ## - AUTHENTICATION CODE | |
| Authentication code | pcc |
| -- | nsdp |
| 043 ## - GEOGRAPHIC AREA CODE | |
| Geographic area code | aw----- |
| 050 00 - LIBRARY OF CONGRESS CALL NUMBER | |
| Classification number | DS41.G56 |
| 082 00 - DEWEY DECIMAL CLASSIFICATION NUMBER | |
| Classification number | 956 |
| Edition number | 20 |
| 100 ## - MAIN ENTRY--PERSONAL NAME | |
| Personal name | Spencer,William |
| 130 0# - MAIN ENTRY--UNIFORM TITLE | |
| Uniform title | Global studies. |
| 210 0# - ABBREVIATED TITLE | |
| Abbreviated title | Glob. stud., Middle East |
| 222 #0 - KEY TITLE | |
| Key title | Global studies. Middle East |
| 245 00 - TITLE STATEMENT | |
| Title | Global studies - The Middle East / |
| 246 30 - VARYING FORM OF TITLE | |
| Title proper/short title | Middle East |
| 260 ## - PUBLICATION, DISTRIBUTION, ETC. | |
| Place of publication, distribution, etc. | Guilford, Conn. : |
| Name of publisher, distributor, etc. | Dushkin Pub. Group, |
| 300 ## - PHYSICAL DESCRIPTION | |
| Extent | x, 261p. |
| Other physical details | ill., maps ; |
| Dimensions | 28 cm. |
| 310 ## - CURRENT PUBLICATION FREQUENCY | |
| Current publication frequency | Biennial |
| 362 1# - DATES OF PUBLICATION AND/OR SEQUENTIAL DESIGNATION | |
| Dates of publication and/or sequential designation | Began with 1st ed. in 1986. |
| 490 1# - SERIES STATEMENT | |
| Series statement | Annual editions publication |
| 500 ## - GENERAL NOTE | |
| General note | Includes bibliographical references and index. |
| 505 ## - FORMATTED CONTENTS NOTE | |
| Formatted contents note | Contents: The Middle East: Cradle of Islam -- The Middle East: Theatre of conflict: Country reports -- Articles from the World Press |
| 590 ## - LOCAL NOTE (RLIN) | |
| Local note | SERBIB/SERLOC merged record |
| 651 #0 - SUBJECT ADDED ENTRY--GEOGRAPHIC NAME | |
| Geographic name | Middle East |
| Form subdivision | Periodicals. |
| 651 #6 - SUBJECT ADDED ENTRY--GEOGRAPHIC NAME | |
| Geographic name | Moyen-Orient |
| Form subdivision | Périodiques. |
| 700 1# - ADDED ENTRY--PERSONAL NAME | |
| Personal name | Spencer, William, |
| Dates associated with a name | 1922- |
| 830 #0 - SERIES ADDED ENTRY--UNIFORM TITLE | |
| Uniform title | Annual editions. |
| 906 ## - LOCAL DATA ELEMENT F, LDF (RLIN) | |
| a | 7 |
| b | cbc |
| c | serials |
| d | 2 |
| e | ncip |
| f | 19 |
| g | n-oclcserc |
| 942 ## - ADDED ENTRY ELEMENTS (KOHA) | |
| Source of classification or shelving scheme | Library of Congress Classification |
| Koha item type | Books |
| Withdrawn status | Lost status | Source of classification or shelving scheme | Damaged status | Not for loan | Home library | Current library | Shelving location | Date acquired | Total Checkouts | Full call number | Barcode | Date last seen | Copy number | Price effective from | Koha item type |
|---|---|---|---|---|---|---|---|---|---|---|---|---|---|---|---|
| Library of Congress Classification | WISCONSIN INTERNATIONAL UNIVERSITY COLLEGE, GHANA - MAIN LIBRARY | WISCONSIN INTERNATIONAL UNIVERSITY COLLEGE, GHANA - MAIN LIBRARY | General Stacks | 28/09/2011 | DS41.G56 | 393/11 | 28/09/2011 | 1 | 28/09/2011 | Books | |||||
| Library of Congress Classification | WISCONSIN INTERNATIONAL UNIVERSITY COLLEGE, GHANA - MAIN LIBRARY | WISCONSIN INTERNATIONAL UNIVERSITY COLLEGE, GHANA - MAIN LIBRARY | General Stacks | 28/09/2011 | DS41.G561 | 394/11 | 28/09/2011 | 2 | 28/09/2011 | Books |
